Statistics for Harry Potter Books 1-7 Trivia

Click here to take the quiz!

General Stats

  • This quiz has been taken 443 times
    (358 since last reset)
  • The average score is 29 of 51

Answer Stats

HintAnswer% Correct
what professor teachers Harry the patronus charmRemus Lupin
95%
what does Professor Trelawney see in Harrys tea cup readingsthe grim
86%
nickname for Remus Lupin back in his school daysMoony
80%
what "friend" betrays james and lily potterPeter Pettigrew
80%
how many kids do Harry and Ginny havethree
80%
used by Hermione in prisoner of azkaban to take multiple classes at the same timetime-turner
79%
what is the name of Dumbledores phoenixFawkes
78%
the death of who allows harry to see thestralsCedric Diggory
77%
what person does Tom Riddles diary posessGinny Weasley
76%
name of the other wizard boy that the prophecy could have referred toNeville Longbottom
76%
who is captain of Gryffindor quidditch team in Harrys first yearOliver Wood
76%
name of the joke shop in HogsmeadeZonkos
76%
what is the one subject Neville thrives inHerbology
75%
name of potion that transforms the drinker into someone elsePolyjuice potion
75%
name of the map that Fred and George gave Harry in his third yearMarauders Map
74%
name of the student Draco uses to deliver a cursed necklace to dumbledoreKatie Bell
73%
author of Hogwarts a HistoryBathilda Bagshot
72%
lily potters patronusdoe
72%
Headmistress of BeauxbatonsOlympe Maxime
72%
what type of core does Harrys wand havePhoenix feather
68%
name of Barty Crouch's house elfWinky
67%
name of the plant that Professor Sprout put under Fluffys door to protect the philosophers stoneDevils Snare
65%
what must be worn while working with mandrakesearmuffs
65%
who checks to see if Harry is deadNarcissa Malfoy
65%
who is the ghost of HufflepuffThe Fat Friar
63%
on what holiday were Harrys parents murdered by Lord VoldemortHalloween
59%
name of Percy Weasleys owlHermes
57%
shopping area off of diagon alley devoted to the dark artsKnockturn Alley
57%
where does Hermione send her parents when she goes off hunting horcruxesAustralia
54%
what type of creature does Ginny get at Fred and Georges joke shopPygmy Puff
52%
name of Fred and Georges joke shopWeasley's Wizard Wheezes
52%
what does Harry use to save Ron from the poison he drank in half blood princebezoar
51%
name of Lord Voldemorts puppet Minister of MagicPius Thicknesse
49%
what is it called when you apparate and leave a body part behindsplinching
49%
what does Nearly Headless Nick constantly attempt to join but is continuously denied because half an inch of skinHeadless Hunt
48%
where does Tom Riddle work after leaving HogwartsBorgin and Burkes
46%
mode of transportation using fireplacesFloo Network
44%
what was Barty Crouch transfigured into after being murdered by Barty Crouch Jr. (mad eye moody)a bone
43%
name of the all female quidditch teamHolyhead Harpies
43%
what is Dumbledores favorite muggle candylemondrops
43%
what is Buckbeack the hippogriffs temporary new name after Harry gave him back to HagridWitherwings
43%
name the potion Slughorn tells his class to make to win the felix felicisdraught of living death
40%
only other Headmaster of Hogwarts from Slytherin housePhineas Nigellus Black
35%
captain of the all female quidditch team and former member of the SlugclubGwenog Jones
30%
where did The Grey Lady hide her mothers diademAlbania
27%
name of the radio station that rebelled against Lord Voldemort and supported Harry PotterPotterwatch
27%
nickname given to Lee Jordan on this radio stationRiver
20%
what department did Arthur Weasley work in while Cornelius Fudge is Minister of MagicMisuse of muggle artifacts office
19%
what was the name of Hagrids giantess motherFridwulfa
17%
prison where Gellert Grindelwald is heldNurmengard
16%
who is credited with idea to use polyjuice potion to create 7 Harrys in the deathly hallowsMundungus Fletcher
4%

Score Distribution

Percentile by Number Answered

Percent of People with Each Score

Your Score History

You have not taken this quiz since the last reset